| 000 | 00909cam a22003017a 4500 | ||
|---|---|---|---|
| 999 |
_c672 _d672 |
||
| 001 | 16858179 | ||
| 003 | OSt | ||
| 005 | 20250224105844.0 | ||
| 008 | 110706s2012 maua 001 0 eng d | ||
| 010 | _a 2011933683 | ||
| 020 | _a9781111827045 (hbk.) | ||
| 035 | _a(OCoLC)ocn757147671 | ||
| 040 |
_aUKMGB _beng _cKCST |
||
| 042 | _alccopycat | ||
| 050 | 0 | 0 |
_aTA340 _b.H38 2012 |
| 082 | 0 | 4 |
_a519.502462 _223 _bHa Pr |
| 100 | 1 |
_aHayter, Anthony J. _95274 |
|
| 245 | 1 | 0 |
_aProbability and statistics for engineers and scientists / _cAnthony Hayter. |
| 250 | _a4th ed. | ||
| 260 |
_aBoston, MA : _bBrooks/Cole, Cengage Learning, _cc2012. |
||
| 300 |
_axx, 826 p. : _bill. ; _c26 cm. |
||
| 500 | _aIncludes index. | ||
| 650 | 0 |
_aEngineering _xStatistical methods. _95275 |
|
| 650 | 0 |
_aScience _xStatistical methods. _95276 |
|
| 650 | 0 |
_aProbabilities. _91388 |
|
| 650 | 0 |
_aStatistics. _94976 |
|
| 942 |
_2ddc _cCTBK |
||